000 00584nam a2200217Ia 4500
003 OSt
005 20220926041549.0
006 a|||||r|||| 00| 0
007 ta
008 220923b |||||||| |||| 00| 0 eng d
037 _cGeneral Book
040 _aRTL
_cRTL
_beng
041 _2eng
_aeng
082 _aX9J::73:N3, G3
100 _aCampbell Persia Crawford
_920215
245 0 _aAmerican agricultural policy
260 _c1933
650 _aAgriculture Insdustry
942 _hX9J::73:N3, G3
_cGB
_2CC
999 _c667515
_d667515